Devises par $ymbole - Statistiques

Statistiques générales
  • Ce quiz a été pris 234 fois
  • Le résultat moyen est 9 sur 24
Statistiques - réponses
Hint monnaie % Correct
euro
99%
$ dollar
97%
Fr franc
92%
£ livre
89%
¥ yen
87%
rouble
64%
د. dinar
50%
¥ yuan
49%
roupie
44%
złoty (Pologne)
37%
$ peso
36%
won (Corée du N & S)
35%
د. dirham
32%
¢ cent
24%
Ft forint (Hongrie)
17%
R$ real (Brésil)
17%
shekel
12%
dong (Viêt-Nam)
11%
R rand
11%
kr krone
10%
฿ baht (Thaïlande)
9%
kr krona
8%
koruna (Tchéquie)
5%
¢ centavo
1%
Aucun quiz correspondant
Distribution des résultats
% des personnes avec chaque résultat
Percentile par nombre de réponses
Votre historique - résultats
Vous n’avez pas pris ce quiz